Logo-uri de marcă #4 - Statistics

General Stats
  • This quiz has been taken 8 times
  • The average score is 19 of 20
Answer Stats
Picture Answer % Correct
Ferrari
100%
Gucci
100%
Heineken
100%
Lamborghini
100%
Levi's
100%
Marvel
100%
Monster
100%
New Balance
100%
Nintendo
100%
Pixar
100%
PlayStation
100%
Prada
100%
Red Bull
100%
Tesla
100%
Xbox
100%
Dedeman
86%
Nvidia
86%
Petrom
86%
Porsche
86%
Decathlon
43%
No matching quizzes found
Score Distribution
Percent of People with Each Score
Percentile by Number Answered
Your Score History
You have not taken this quiz